| 000 | 00378nam a2200145Ia 4500 | ||
|---|---|---|---|
| 008 | 220217s9999||||xx |||||||||||||| ||und|| | ||
| 020 | _a8123904010 | ||
| 082 | _a621.75 | ||
| 100 | _aChapman, W.A.J | ||
| 245 | 0 | _aWorkshop technology Part 1 | |
| 250 | _a5 | ||
| 260 |
_aCBS publishers _bNew Delhi _c2001 |
||
| 300 |
_a412p. _b260 |
||
| 650 |
_aMechanical Engineering _913026 |
||
| 999 |
_c189029 _d189029 |
||